Qaumi English-Urdu Dictionary / (Record no. 589278)

000 -LEADER
fixed length control field 00330nam a22001217a 4500
020 ## - INTERNATIONAL STANDARD BOOK NUMBER
International Standard Book Number 9789694743585
082 ## - DEWEY DECIMAL CLASSIFICATION NUMBER
Classification number 423.491439
Author Mark QAU
245 ## - TITLE STATEMENT
Title Qaumi English-Urdu Dictionary /
Statement of responsibility, etc. Edited by Jameel Jalibi
260 ## - PUBLICATION, DISTRIBUTION, ETC.
Place of publication, distribution, etc. Islamabad:
Name of publisher, distributor, etc. Muqtadara Qumi Zuban,
Date of publication, distribution, etc. 2018.
300 ## - PHYSICAL DESCRIPTION
Extent 1975p. ;
Dimensions 29 cm.
563 ## - BINDING INFORMATION
Binding note HBK.
942 ## - ADDED ENTRY ELEMENTS (KOHA)
Source of classification or shelving scheme
Koha item type Book
Holdings
Withdrawn status Lost status Source of classification or shelving scheme Damaged status Not for loan Permanent Location Current Location Shelving location Date acquired Source of acquisition Total Checkouts Full call number Barcode Date last seen Price effective from Koha item type
          Central Library (CL) Central Library (CL) Dictionaries 04/20/2022 Donation   423.491439 QAU CL-D-1716 04/20/2022 04/20/2022 Book
© 2023 Central Library, National University of Sciences and Technology. All Rights Reserved.